000
00256nam a2200109Ia 4500
008
220204s9999 xx 000 0 und d
082
_a
82-3
_b
CLA
100
_a
Clavell, James
245
0
_a
Shogun
260
_a
Kent
_b
Hodder And Stoughton
_c
1979
942
_c
BK
999
_c
35270
_d
35270